[Event "Team Championship (men rapid)"]
[Site "Sochi"]
[Date "2017.10.03"]
[Round "2.32"]
[White "Tsvetkov, Andrey"]
[Black "Derjabin, Ilja"]
[Result "1-0"]
[LiveChessVersion "1.4.8"]
[BlackElo "2334"]
[WhiteElo "2143"]

1. d4 {[%clk 0:15:19]} Nf6 {[%clk 0:15:06]} 2. c4 {[%clk 0:15:29]} d6
{[%clk 0:15:14]} 3. Nc3 {[%clk 0:15:36]} Bf5 {[%clk 0:15:22]} 4. Nf3
{[%clk 0:15:45]} h6 {[%clk 0:15:31]} 5. g3 {[%clk 0:15:55]} Nbd7 {[%clk 0:15:40]}
6. Bg2 {[%clk 0:16:00]} c6 {[%clk 0:15:48]} 7. O-O {[%clk 0:16:05]} e5
{[%clk 0:15:56]} 8. d5 {[%clk 0:15:31]} cxd5 {[%clk 0:15:28]} 9. cxd5
{[%clk 0:15:39]} Bh7 {[%clk 0:15:21]} 10. Ne1 {[%clk 0:15:46]} Be7
{[%clk 0:15:27]} 11. e4 {[%clk 0:15:54]} O-O {[%clk 0:15:19]} 12. Nd3
{[%clk 0:16:03]} a6 {[%clk 0:15:25]} 13. a4 {[%clk 0:16:02]} Rc8 {[%clk 0:15:31]}
14. Be3 {[%clk 0:16:04]} Rxc3 {[%clk 0:14:56]} 15. bxc3 {[%clk 0:16:12]} Nxe4
{[%clk 0:15:04]} 16. Qb3 {[%clk 0:15:01]} Qc7 {[%clk 0:14:00]} 17. c4
{[%clk 0:14:46]} f5 {[%clk 0:13:22]} 18. Rfc1 {[%clk 0:12:27]} Bg5
{[%clk 0:08:28]} 19. f4 {[%clk 0:07:27]} exf4 20. gxf4 Bf6 {[%clk 0:08:12]} 21.
Rab1 {[%clk 0:07:44]} Ndc5 {[%clk 0:08:17]} 22. Nxc5 {[%clk 0:07:33]} Nxc5
{[%clk 0:08:25]} 23. Qb6 {[%clk 0:06:51]} Qe7 {[%clk 0:07:57]} 24. Bxc5
{[%clk 0:06:14]} dxc5 {[%clk 0:08:05]} 25. Qe6+ {[%clk 0:06:22]} Rf7
{[%clk 0:06:21]} 26. Re1 {[%clk 0:05:29]} Bd4+ {[%clk 0:03:44]} 27. Kh1
{[%clk 0:05:35]} Qh4 {[%clk 0:03:53]} 28. Qc8+ {[%clk 0:05:04]} Rf8
{[%clk 0:03:43]} 29. Re8 {[%clk 0:05:13]} Qe7 {[%clk 0:03:17]} 30. Rxf8+
{[%clk 0:03:11]} Qxf8 {[%clk 0:03:25]} 31. Qxf8+ {[%clk 0:03:21]} Kxf8
{[%clk 0:03:34]} 32. d6 {[%clk 0:03:05]} Bg8 {[%clk 0:02:19]} 33. Re1
{[%clk 0:02:44]} Bf6 {[%clk 0:01:31]} 34. d7 Bf7 35. Bxb7 {[%clk 0:02:44]} a5
{[%clk 0:01:40]} 36. Bd5 {[%clk 0:02:39]} Bh5 {[%clk 0:01:57]} 37. Bc6
{[%clk 0:02:37]} Be7 {[%clk 0:01:50]} 38. Kg2 {[%clk 0:02:20]} g5
{[%clk 0:01:59]} 39. Re5 {[%clk 0:02:21]} Bg6 40. Rxc5 {[%clk 0:02:21]} Bd8
{[%clk 0:02:03]} 41. Re5 {[%clk 0:02:25]} Be7 {[%clk 0:02:10]} 42. Rxa5
{[%clk 0:02:33]} 1-0

[Event "Team Championship (men rapid)"]
[Site "Sochi"]
[Date "2017.10.03"]
[Round "3.2"]
[White "Artemiev, Vladislav"]
[Black "Andreikin, Dmitry"]
[Result "1-0"]
[LiveChessVersion "1.4.8"]
[BlackElo "2742"]
[WhiteElo "2712"]

1. Nf3 {[%clk 0:14:52]} d5 {[%clk 0:15:14]} 2. g3 {[%clk 0:14:46]} g6
{[%clk 0:15:19]} 3. Bg2 {[%clk 0:14:53]} Bg7 {[%clk 0:15:28]} 4. d4
{[%clk 0:15:01]} Nf6 {[%clk 0:15:32]} 5. O-O {[%clk 0:15:08]} O-O
{[%clk 0:15:38]} 6. c3 {[%clk 0:15:15]} c6 {[%clk 0:15:04]} 7. Nbd2
{[%clk 0:14:54]} Bf5 {[%clk 0:13:42]} 8. Nh4 {[%clk 0:15:02]} Be6
{[%clk 0:13:50]} 9. f4 {[%clk 0:15:11]} Qc8 {[%clk 0:12:15]} 10. e4
{[%clk 0:15:04]} dxe4 {[%clk 0:11:58]} 11. Nxe4 {[%clk 0:15:12]} Bd5
{[%clk 0:11:32]} 12. Nxf6+ {[%clk 0:14:47]} Bxf6 {[%clk 0:11:40]} 13. Bxd5
{[%clk 0:13:15]} cxd5 {[%clk 0:11:48]} 14. f5 {[%clk 0:13:24]} Nc6
{[%clk 0:08:46]} 15. Bh6 {[%clk 0:12:19]} Re8 {[%clk 0:08:54]} 16. Qf3
{[%clk 0:09:30]} Qd7 {[%clk 0:07:21]} 17. Rae1 {[%clk 0:07:51]} Bxh4
{[%clk 0:06:25]} 18. gxh4 {[%clk 0:06:04]} Qxf5 {[%clk 0:06:26]} 19. Qxf5
{[%clk 0:06:13]} gxf5 {[%clk 0:06:34]} 20. Rxf5 {[%clk 0:06:22]} f6
{[%clk 0:06:43]} 21. Rxd5 {[%clk 0:06:24]} Rad8 {[%clk 0:06:51]} 22. Rb5
{[%clk 0:06:16]} Rd7 {[%clk 0:06:29]} 23. Kf2 {[%clk 0:05:30]} e5
{[%clk 0:05:59]} 24. Rg1+ {[%clk 0:05:35]} Kh8 {[%clk 0:06:08]} 25. d5
{[%clk 0:05:34]} Nd8 {[%clk 0:06:02]} 26. Rc5 {[%clk 0:04:55]} Rg8
{[%clk 0:05:37]} 27. Rxg8+ {[%clk 0:04:02]} Kxg8 {[%clk 0:05:45]} 28. c4
{[%clk 0:04:12]} Kf7 {[%clk 0:03:49]} 29. h5 {[%clk 0:04:21]} Ke8
{[%clk 0:03:42]} 30. Rc8 {[%clk 0:04:29]} Rd6 {[%clk 0:03:50]} 31. Rc7
{[%clk 0:02:58]} Rd7 {[%clk 0:02:47]} 32. Rc8 {[%clk 0:02:51]} Rd6
{[%clk 0:02:56]} 33. Be3 {[%clk 0:02:59]} b5 {[%clk 0:02:25]} 34. c5
{[%clk 0:02:46]} Rxd5 {[%clk 0:02:30]} 35. c6 {[%clk 0:02:55]} Kf7
{[%clk 0:02:07]} 36. c7 {[%clk 0:03:01]} Ne6 {[%clk 0:02:16]} 37. Rh8
{[%clk 0:02:49]} 1-0

[Event "Team Championship (men rapid)"]
[Site "Sochi"]
[Date "2017.10.03"]
[Round "3.3"]
[White "Rublevsky, Sergei"]
[Black "Timofeev, Artyom"]
[Result "1-0"]
[LiveChessVersion "1.4.8"]
[BlackElo "2608"]
[WhiteElo "2646"]

1. e4 {[%clk 0:15:19]} c5 {[%clk 0:15:14]} 2. Nf3 {[%clk 0:15:27]} Nc6
{[%clk 0:15:22]} 3. Bb5 {[%clk 0:15:22]} d6 {[%clk 0:15:15]} 4. Bxc6+
{[%clk 0:15:24]} bxc6 {[%clk 0:15:24]} 5. O-O {[%clk 0:15:32]} Bg4
{[%clk 0:15:23]} 6. h3 {[%clk 0:15:41]} Bxf3 {[%clk 0:15:11]} 7. Qxf3
{[%clk 0:15:49]} e5 {[%clk 0:15:19]} 8. d3 {[%clk 0:14:38]} Nf6 {[%clk 0:15:17]}
9. Na3 {[%clk 0:13:33]} Be7 {[%clk 0:15:14]} 10. Nc4 {[%clk 0:13:17]} O-O
{[%clk 0:15:16]} 11. Bd2 {[%clk 0:13:15]} Nd7 {[%clk 0:14:58]} 12. a3
{[%clk 0:12:43]} Nb6 {[%clk 0:14:14]} 13. Na5 {[%clk 0:12:49]} Qc7
{[%clk 0:14:08]} 14. c4 {[%clk 0:12:52]} d5 {[%clk 0:13:14]} 15. b4
{[%clk 0:11:15]} d4 {[%clk 0:11:31]} 16. Qg3 {[%clk 0:09:48]} Na4
{[%clk 0:10:54]} 17. b5 {[%clk 0:07:15]} cxb5 {[%clk 0:10:19]} 18. cxb5
{[%clk 0:07:24]} a6 {[%clk 0:10:27]} 19. bxa6 {[%clk 0:07:21]} Nb6
{[%clk 0:10:17]} 20. f4 {[%clk 0:06:46]} Bd6 {[%clk 0:08:26]} 21. Nb7
{[%clk 0:04:54]} exf4 {[%clk 0:08:33]} 22. Bxf4 {[%clk 0:03:51]} Bxf4
{[%clk 0:08:40]} 23. Qxf4 {[%clk 0:04:00]} Qxf4 {[%clk 0:08:15]} 24. Rxf4
{[%clk 0:04:08]} c4 {[%clk 0:08:20]} 25. e5 {[%clk 0:03:34]} cxd3
{[%clk 0:05:35]} 26. Rxd4 {[%clk 0:03:42]} Rxa6 {[%clk 0:05:44]} 27. Rd6
{[%clk 0:03:38]} Rb8 {[%clk 0:04:48]} 28. Rb1 {[%clk 0:03:37]} h6
{[%clk 0:03:23]} 29. Rbxb6 {[%clk 0:03:22]} Rxb6 {[%clk 0:03:17]} 30. Rxb6
{[%clk 0:03:30]} d2 {[%clk 0:03:25]} 31. Rd6 {[%clk 0:03:39]} Rxb7
{[%clk 0:03:34]} 32. Rxd2 {[%clk 0:03:40]} Rb1+ {[%clk 0:03:31]} 33. Kf2
{[%clk 0:03:47]} Ra1 {[%clk 0:03:39]} 34. Rd3 {[%clk 0:03:55]} Kh7
{[%clk 0:03:39]} 35. Kf3 {[%clk 0:03:46]} Ra2 {[%clk 0:03:23]} 36. g4
{[%clk 0:03:45]} Kg6 {[%clk 0:03:29]} 37. Ke4 {[%clk 0:03:38]} h5
{[%clk 0:03:32]} 38. gxh5+ {[%clk 0:03:16]} Kxh5 {[%clk 0:03:41]} 39. Kd5
{[%clk 0:03:13]} g5 {[%clk 0:03:27]} 40. Kd6 {[%clk 0:02:40]} Kg6
{[%clk 0:02:01]} 41. Rf3 {[%clk 0:01:55]} Rd2+ {[%clk 0:01:49]} 42. Ke7
{[%clk 0:02:04]} Re2 {[%clk 0:01:55]} 43. Rf6+ {[%clk 0:02:12]} Kh5
{[%clk 0:02:04]} 44. Rxf7 {[%clk 0:02:20]} Rxe5+ {[%clk 0:02:11]} 45. Kf6
{[%clk 0:02:29]} 1-0

[Event "Team Championship (men rapid)"]
[Site "Sochi"]
[Date "2017.10.03"]
[Round "3.5"]
[White "Jakovenko, Dmitry"]
[Black "Goryachkina, Aleksandra"]
[Result "1-0"]
[LiveChessVersion "1.4.8"]
[BlackElo "2462"]
[WhiteElo "2730"]

1. e4 {[%clk 0:15:19]} e6 {[%clk 0:15:17]} 2. d4 {[%clk 0:15:27]} d5
{[%clk 0:15:26]} 3. Nc3 {[%clk 0:15:35]} Nf6 {[%clk 0:15:34]} 4. e5
{[%clk 0:15:44]} Nfd7 {[%clk 0:15:42]} 5. f4 {[%clk 0:15:53]} c5 {[%clk 0:15:49]}
6. Nf3 {[%clk 0:16:02]} Nc6 {[%clk 0:15:57]} 7. Be3 {[%clk 0:16:10]} cxd4
{[%clk 0:15:36]} 8. Nxd4 {[%clk 0:16:19]} Qb6 {[%clk 0:15:36]} 9. Qd2
{[%clk 0:16:20]} Qxb2 {[%clk 0:15:21]} 10. Rb1 {[%clk 0:16:29]} Qa3
{[%clk 0:15:30]} 11. Bb5 {[%clk 0:16:37]} Nxd4 {[%clk 0:15:27]} 12. Bxd4
{[%clk 0:16:45]} a6 {[%clk 0:15:29]} 13. Bxd7+ {[%clk 0:16:49]} Bxd7
{[%clk 0:15:36]} 14. Rb3 {[%clk 0:16:56]} Qe7 {[%clk 0:15:20]} 15. Rxb7
{[%clk 0:17:03]} Rc8 {[%clk 0:15:13]} 16. O-O {[%clk 0:16:28]} Qd8
{[%clk 0:15:00]} 17. Qe3 {[%clk 0:13:05]} Rc4 {[%clk 0:14:07]} 18. Kh1
{[%clk 0:08:45]} Be7 {[%clk 0:12:01]} 19. f5 {[%clk 0:08:52]} Bc8
{[%clk 0:08:34]} 20. Bb6 {[%clk 0:05:35]} Bc5 {[%clk 0:07:21]} 21. Bxc5
{[%clk 0:04:57]} Bxb7 {[%clk 0:06:48]} 22. fxe6 {[%clk 0:04:56]} fxe6
{[%clk 0:06:50]} 23. Bd6 {[%clk 0:04:06]} Qa5 {[%clk 0:03:58]} 24. Qa7
{[%clk 0:03:11]} Qxc3 {[%clk 0:01:58]} 25. Qxb7 {[%clk 0:03:14]} Kd8
{[%clk 0:01:40]} 26. Qe7+ {[%clk 0:02:40]} Kc8 {[%clk 0:01:49]} 27. Rb1
{[%clk 0:02:48]} 1-0

[Event "Team Championship (men rapid)"]
[Site "Sochi"]
[Date "2017.10.03"]
[Round "3.6"]
[White "Potapov, Pavel"]
[Black "Khismatullin, Denis"]
[Result "1/2-1/2"]
[LiveChessVersion "1.4.8"]
[BlackElo "2600"]
[WhiteElo "2539"]

1. e4 {[%clk 0:15:19]} c5 {[%clk 0:15:11]} 2. c3 {[%clk 0:15:12]} d5
{[%clk 0:15:12]} 3. exd5 {[%clk 0:15:20]} Qxd5 {[%clk 0:15:21]} 4. d4
{[%clk 0:15:28]} Nf6 {[%clk 0:15:29]} 5. Nf3 {[%clk 0:15:36]} e6 {[%clk 0:15:20]}
6. Bd3 {[%clk 0:15:28]} Be7 {[%clk 0:15:07]} 7. O-O {[%clk 0:15:28]} O-O
{[%clk 0:15:14]} 8. Be3 {[%clk 0:15:24]} Rd8 {[%clk 0:14:59]} 9. Qe2
{[%clk 0:14:46]} cxd4 {[%clk 0:14:40]} 10. cxd4 {[%clk 0:14:53]} Nc6
{[%clk 0:13:14]} 11. Nc3 {[%clk 0:14:56]} Qh5 {[%clk 0:13:22]} 12. Rad1
{[%clk 0:13:54]} Nb4 {[%clk 0:12:58]} 13. Ne5 {[%clk 0:08:46]} Nxd3
{[%clk 0:12:59]} 14. Qxh5 {[%clk 0:08:32]} Nxh5 {[%clk 0:13:05]} 15. Rxd3
{[%clk 0:08:40]} Nf6 {[%clk 0:12:28]} 16. Rfd1 {[%clk 0:07:45]} Nd5
{[%clk 0:11:27]} 17. Nxd5 {[%clk 0:07:37]} Rxd5 {[%clk 0:11:27]} 18. Rc3
{[%clk 0:07:24]} f6 {[%clk 0:09:45]} 19. Nf3 {[%clk 0:05:21]} Bd7
{[%clk 0:07:31]} 20. Rc7 {[%clk 0:04:24]} Bd8 {[%clk 0:06:45]} 21. Rc2
{[%clk 0:03:26]} Bb6 {[%clk 0:06:00]} 22. Rdc1 {[%clk 0:03:32]} Bc6
{[%clk 0:06:00]} 23. h3 {[%clk 0:03:13]} Rad8 {[%clk 0:06:06]} 24. b3
{[%clk 0:03:10]} Kf7 {[%clk 0:06:12]} 25. a4 {[%clk 0:02:56]} g5 {[%clk 0:06:16]}
26. Kf1 {[%clk 0:02:38]} h5 {[%clk 0:06:12]} 27. g4 {[%clk 0:02:08]} hxg4
{[%clk 0:03:37]} 28. hxg4 {[%clk 0:02:16]} R5d6 {[%clk 0:03:46]} 29. Ke2
{[%clk 0:02:24]} Be4 {[%clk 0:03:35]} 30. Rc8 {[%clk 0:02:24]} R8d7
{[%clk 0:03:12]} 31. Rh1 {[%clk 0:01:36]} Bxd4 {[%clk 0:02:33]} 32. Rhh8
{[%clk 0:00:19]} e5 {[%clk 0:01:35]} 33. Rhf8+ {[%clk 0:00:17]} Kg6
{[%clk 0:01:34]} 34. Rg8+ {[%clk 0:00:21]} Kf7 {[%clk 0:01:31]} 35. Rgf8+
{[%clk 0:00:21]} Ke6 {[%clk 0:01:40]} 36. Rfe8+ {[%clk 0:00:20]} Kd5
{[%clk 0:01:49]} 37. Bxd4 {[%clk 0:00:25]} exd4 {[%clk 0:00:38]} 38. Nd2
{[%clk 0:00:33]} Bg6 {[%clk 0:00:47]} 39. Rg8 {[%clk 0:00:26]} Bh7
{[%clk 0:00:43]} 40. Rh8 {[%clk 0:00:29]} Re6+ {[%clk 0:00:41]} 41. Kf3
{[%clk 0:00:37]} Bd3 {[%clk 0:00:49]} 42. b4 {[%clk 0:00:41]} Be2+
{[%clk 0:00:35]} 43. Kg3 {[%clk 0:00:50]} Rc6 {[%clk 0:00:41]} 44. Rcd8
{[%clk 0:00:24]} Rdd6 {[%clk 0:00:39]} 45. f3 {[%clk 0:00:31]} d3
{[%clk 0:00:17]} 46. Kf2 {[%clk 0:00:26]} Kd4 {[%clk 0:00:20]} 47. Ne4
{[%clk 0:00:33]} Rxd8 {[%clk 0:00:20]} 48. Rxd8+ {[%clk 0:00:42]} Kc4
{[%clk 0:00:29]} 49. b5 {[%clk 0:00:45]} Re6 {[%clk 0:00:34]} 50. Rd7
{[%clk 0:00:42]} b6 {[%clk 0:00:16]} 51. Rxa7 {[%clk 0:00:42]} Kb4
{[%clk 0:00:24]} 52. Ke3 {[%clk 0:00:37]} Bd1 {[%clk 0:00:25]} 53. Rd7
{[%clk 0:00:18]} Bxa4 {[%clk 0:00:18]} 54. Rxd3 {[%clk 0:00:17]} Bxb5
{[%clk 0:00:22]} 55. Rd6 {[%clk 0:00:23]} Rxd6 {[%clk 0:00:18]} 56. Nxd6
{[%clk 0:00:32]} Bc6 {[%clk 0:00:25]} 57. f4 {[%clk 0:00:32]} Kc5
{[%clk 0:00:25]} 58. Nf5 {[%clk 0:00:20]} b5 {[%clk 0:00:23]} 59. fxg5
{[%clk 0:00:22]} fxg5 {[%clk 0:00:31]} 60. Kd3 {[%clk 0:00:29]} b4
{[%clk 0:00:22]} 61. Nd4 {[%clk 0:00:16]} Bd5 {[%clk 0:00:15]} 62. Nc2
{[%clk 0:00:14]} Bg8 {[%clk 0:00:13]} 63. Nd4 {[%clk 0:00:18]} Bh7+
{[%clk 0:00:14]} 64. Ke3 {[%clk 0:00:27]} Kc4 {[%clk 0:00:23]} 65. Nc6
{[%clk 0:00:31]} Bc2 {[%clk 0:00:14]} 66. Nxb4 {[%clk 0:00:30]} Kxb4
{[%clk 0:00:18]} 67. Kd4 {[%clk 0:00:39]} 1/2-1/2

[Event "Team Championship (men rapid)"]
[Site "Sochi"]
[Date "2017.10.03"]
[Round "3.7"]
[White "Pridorozhni, Aleksei"]
[Black "Belyakov, Bogdan"]
[Result "1-0"]
[LiveChessVersion "1.4.8"]
[BlackElo "2474"]
[WhiteElo "2653"]

1. e4 {[%clk 0:15:18]} e5 {[%clk 0:15:18]} 2. Bc4 {[%clk 0:15:26]} Nc6
{[%clk 0:15:17]} 3. d3 {[%clk 0:15:30]} Nf6 {[%clk 0:15:18]} 4. Nf3
{[%clk 0:15:24]} Bc5 {[%clk 0:15:22]} 5. c3 {[%clk 0:15:17]} O-O {[%clk 0:15:26]}
6. O-O {[%clk 0:14:53]} d5 {[%clk 0:15:33]} 7. exd5 {[%clk 0:14:48]} Nxd5
{[%clk 0:15:41]} 8. Re1 {[%clk 0:14:25]} Bg4 {[%clk 0:15:47]} 9. h3
{[%clk 0:14:06]} Bh5 {[%clk 0:15:55]} 10. Nbd2 {[%clk 0:12:52]} Nb6
{[%clk 0:16:01]} 11. Bb5 {[%clk 0:11:36]} Bd6 {[%clk 0:16:08]} 12. Bxc6
{[%clk 0:09:46]} bxc6 {[%clk 0:16:15]} 13. Ne4 {[%clk 0:09:54]} f5
{[%clk 0:16:06]} 14. Ng3 {[%clk 0:09:34]} Bxf3 {[%clk 0:16:13]} 15. Qxf3
{[%clk 0:09:41]} Qd7 {[%clk 0:16:14]} 16. c4 {[%clk 0:07:07]} Rae8
{[%clk 0:15:24]} 17. b3 {[%clk 0:07:05]} Bc5 {[%clk 0:11:32]} 18. Nh1
{[%clk 0:04:21]} Bd4 {[%clk 0:08:52]} 19. Rb1 {[%clk 0:04:29]} c5
{[%clk 0:09:01]} 20. Be3 {[%clk 0:04:27]} a5 {[%clk 0:07:54]} 21. Bxd4
{[%clk 0:04:31]} cxd4 {[%clk 0:07:51]} 22. Ng3 {[%clk 0:04:39]} c5
{[%clk 0:07:45]} 23. Rb2 {[%clk 0:04:44]} g6 {[%clk 0:07:38]} 24. Nf1
{[%clk 0:04:01]} Qd6 {[%clk 0:07:22]} 25. Qg3 {[%clk 0:03:52]} Nd7
{[%clk 0:07:00]} 26. Rbe2 {[%clk 0:03:54]} Re7 {[%clk 0:02:02]} 27. Nd2
{[%clk 0:03:20]} Qc6 {[%clk 0:02:10]} 28. f4 {[%clk 0:02:48]} exf4
{[%clk 0:00:54]} 29. Qxf4 {[%clk 0:02:55]} Rxe2 {[%clk 0:01:03]} 30. Rxe2
{[%clk 0:03:04]} Nf6 {[%clk 0:01:03]} 31. Nf3 {[%clk 0:02:30]} Re8
{[%clk 0:01:11]} 32. Re5 {[%clk 0:02:34]} Nh5 {[%clk 0:00:45]} 33. Rxe8+
{[%clk 0:02:02]} Qxe8 {[%clk 0:00:53]} 34. Qe5 {[%clk 0:02:11]} Qxe5
{[%clk 0:00:30]} 35. Nxe5 {[%clk 0:02:20]} Nf4 {[%clk 0:00:35]} 36. Kf2
{[%clk 0:02:12]} Kg7 {[%clk 0:00:43]} 37. Kf3 {[%clk 0:02:16]} g5
{[%clk 0:00:45]} 38. g3 {[%clk 0:02:25]} Nxh3 {[%clk 0:00:46]} 39. Nc6
{[%clk 0:02:28]} g4+ {[%clk 0:00:47]} 40. Kg2 {[%clk 0:02:35]} f4
{[%clk 0:00:55]} 41. Nxa5 {[%clk 0:01:32]} f3+ {[%clk 0:01:04]} 42. Kh2
{[%clk 0:01:37]} h5 {[%clk 0:01:07]} 43. Nb7 {[%clk 0:01:36]} h4 {[%clk 0:00:33]}
44. Nxc5 {[%clk 0:01:42]} f2 {[%clk 0:00:41]} 45. Kg2 {[%clk 0:01:51]} hxg3
{[%clk 0:00:50]} 46. Ne4 {[%clk 0:01:50]} Nf4+ {[%clk 0:00:57]} 47. Kf1
{[%clk 0:01:58]} Nxd3 {[%clk 0:00:55]} 48. a4 {[%clk 0:01:03]} Nc5
{[%clk 0:00:36]} 49. Nxc5 {[%clk 0:01:03]} 1-0

[Event "Team Championship (men rapid)"]
[Site "Sochi"]
[Date "2017.10.03"]
[Round "3.8"]
[White "Savitskiy, Sergey"]
[Black "Iljiushenok, Ilia"]
[Result "1/2-1/2"]
[LiveChessVersion "1.4.8"]
[BlackElo "2594"]
[WhiteElo "2380"]

1. Nf3 {[%clk 0:15:11]} Nf6 {[%clk 0:15:19]} 2. g3 {[%clk 0:15:20]} g6
{[%clk 0:15:28]} 3. Bg2 {[%clk 0:15:29]} Bg7 {[%clk 0:15:36]} 4. O-O
{[%clk 0:15:37]} O-O {[%clk 0:15:44]} 5. c4 {[%clk 0:15:45]} d6 {[%clk 0:15:53]}
6. Nc3 {[%clk 0:15:38]} a6 {[%clk 0:16:02]} 7. d4 {[%clk 0:15:12]} Nc6
{[%clk 0:16:10]} 8. Bf4 {[%clk 0:14:40]} Rb8 {[%clk 0:16:15]} 9. Rc1
{[%clk 0:14:49]} Bd7 {[%clk 0:16:24]} 10. d5 {[%clk 0:13:19]} Na5
{[%clk 0:16:33]} 11. b3 {[%clk 0:13:11]} b5 {[%clk 0:16:42]} 12. cxb5
{[%clk 0:12:19]} axb5 {[%clk 0:16:51]} 13. b4 {[%clk 0:11:16]} Nc4
{[%clk 0:16:59]} 14. Nd4 {[%clk 0:11:25]} Nh5 {[%clk 0:15:49]} 15. e3
{[%clk 0:07:15]} e5 {[%clk 0:14:49]} 16. dxe6 {[%clk 0:07:21]} fxe6
{[%clk 0:14:57]} 17. Ncxb5 {[%clk 0:05:30]} Bxb5 {[%clk 0:12:01]} 18. Nxe6
{[%clk 0:04:22]} Qe7 {[%clk 0:10:56]} 19. Nxf8 {[%clk 0:04:07]} Kxf8
{[%clk 0:11:05]} 20. Qd5 {[%clk 0:01:33]} c6 {[%clk 0:10:03]} 21. Qd1
{[%clk 0:00:26]} Nxf4 {[%clk 0:10:06]} 22. gxf4 {[%clk 0:00:34]} d5
{[%clk 0:08:46]} 23. Qg4 {[%clk 0:00:21]} Ra8 {[%clk 0:06:56]} 24. f5
{[%clk 0:00:22]} Ne5 {[%clk 0:07:00]} 25. Qh3 {[%clk 0:00:13]} Bxf1
{[%clk 0:07:08]} 26. Bxf1 {[%clk 0:00:18]} Qg5+ {[%clk 0:06:57]} 27. Bg2
{[%clk 0:00:14]} Qxf5 {[%clk 0:07:00]} 28. Qxf5+ {[%clk 0:00:18]} gxf5
{[%clk 0:07:08]} 29. b5 {[%clk 0:00:17]} cxb5 {[%clk 0:07:07]} 30. Bxd5
{[%clk 0:00:22]} Rd8 {[%clk 0:06:57]} 31. Bb3 {[%clk 0:00:16]} Ke7
{[%clk 0:03:55]} 32. Rc5 {[%clk 0:00:14]} b4 {[%clk 0:04:04]} 33. f4
{[%clk 0:00:17]} Ng4 {[%clk 0:03:36]} 34. Rxf5 {[%clk 0:00:21]} Bf6
{[%clk 0:03:29]} 35. e4 {[%clk 0:00:13]} Bd4+ {[%clk 0:01:03]} 36. Kh1 Nf2+
{[%clk 0:00:32]} 37. Kg2 {[%clk 0:00:30]} Nxe4 {[%clk 0:00:40]} 38. Rf7+
{[%clk 0:00:37]} Kd6 {[%clk 0:00:49]} 39. Rxh7 {[%clk 0:00:45]} Rf8
{[%clk 0:00:54]} 40. Rh6+ {[%clk 0:00:20]} Kc7 {[%clk 0:00:37]} 41. Kf3
{[%clk 0:00:13]} Nd2+ {[%clk 0:00:38]} 42. Kg4 {[%clk 0:00:21]} Nxb3
{[%clk 0:00:33]} 43. axb3 {[%clk 0:00:30]} Be3 {[%clk 0:00:42]} 44. Rh7+
{[%clk 0:00:35]} Kd6 {[%clk 0:00:51]} 45. f5 {[%clk 0:00:44]} Bd4
{[%clk 0:00:54]} 46. Rh6+ {[%clk 0:00:31]} Kd5 {[%clk 0:01:03]} 47. h4
{[%clk 0:00:40]} Ke4 {[%clk 0:00:51]} 48. Re6+ {[%clk 0:00:14]} Be5
{[%clk 0:01:00]} 49. Rb6 {[%clk 0:00:16]} Rg8+ {[%clk 0:01:03]} 50. Rg6
{[%clk 0:00:25]} Rf8 {[%clk 0:00:58]} 51. Rb6 {[%clk 0:00:31]} Rg8+
{[%clk 0:00:54]} 52. Rg6 {[%clk 0:00:40]} Rf8 {[%clk 0:01:03]} 53. Rb6
{[%clk 0:00:50]} Rg8+ {[%clk 0:00:28]} 54. Rg6 {[%clk 0:00:58]} Rd8
{[%clk 0:00:24]} 55. Rb6 {[%clk 0:00:42]} Rg8+ {[%clk 0:00:18]} 56. Rg6
{[%clk 0:00:51]} Rd8 {[%clk 0:00:28]} 57. Rb6 {[%clk 0:01:00]} Rg8+
{[%clk 0:00:22]} 58. Rg6 {[%clk 0:01:09]} Rf8 {[%clk 0:00:27]} 59. Rb6
{[%clk 0:01:16]} Rg8+ {[%clk 0:00:33]} 60. Rg6 {[%clk 0:01:25]} Rf8
{[%clk 0:00:24]} 61. Rb6 {[%clk 0:01:33]} Rg8+ {[%clk 0:00:33]} 62. Rg6
{[%clk 0:01:42]} Rd8 {[%clk 0:00:42]} 63. Rb6 {[%clk 0:01:49]} Rg8+
{[%clk 0:00:20]} 64. Rg6 {[%clk 0:01:58]} 1/2-1/2

[Event "Team Championship (men rapid)"]
[Site "Sochi"]
[Date "2017.10.03"]
[Round "3.9"]
[White "Rakhmanov, Aleksandr"]
[Black "Fedoseev, Vladimir"]
[Result "0-1"]
[LiveChessVersion "1.4.8"]
[BlackElo "2759"]
[WhiteElo "2591"]

1. c4 {[%clk 0:15:18]} c6 {[%clk 0:15:09]} 2. d4 {[%clk 0:15:22]} d5
{[%clk 0:15:08]} 3. cxd5 {[%clk 0:15:30]} cxd5 {[%clk 0:15:16]} 4. Bf4
{[%clk 0:15:38]} Nc6 {[%clk 0:15:24]} 5. e3 {[%clk 0:15:47]} Bf5 {[%clk 0:15:26]}
6. Nc3 {[%clk 0:15:52]} e6 {[%clk 0:15:34]} 7. Qb3 {[%clk 0:15:45]} Bb4
{[%clk 0:15:08]} 8. Bb5 {[%clk 0:15:32]} Qa5 {[%clk 0:14:54]} 9. Bxc6+
{[%clk 0:15:30]} bxc6 {[%clk 0:15:03]} 10. Rc1 {[%clk 0:15:04]} Qb6
{[%clk 0:11:44]} 11. Nge2 {[%clk 0:14:08]} Bd3 {[%clk 0:11:17]} 12. f3
{[%clk 0:11:33]} Bc4 {[%clk 0:08:43]} 13. Qc2 {[%clk 0:10:28]} Nf6
{[%clk 0:08:16]} 14. Kf2 {[%clk 0:06:50]} O-O {[%clk 0:07:00]} 15. b3
{[%clk 0:05:50]} Ba6 {[%clk 0:07:02]} 16. Na4 {[%clk 0:05:39]} Qb5
{[%clk 0:07:09]} 17. Bg3 {[%clk 0:03:03]} Rfc8 {[%clk 0:07:01]} 18. Nf4
{[%clk 0:03:11]} Nd7 {[%clk 0:06:49]} 19. Ne2 {[%clk 0:01:50]} Ba3
{[%clk 0:06:38]} 20. Rcd1 {[%clk 0:01:35]} c5 {[%clk 0:06:43]} 21. Qd2
{[%clk 0:01:31]} Bb4 {[%clk 0:05:59]} 22. Qb2 {[%clk 0:00:37]} Qxe2+
{[%clk 0:06:07]} 23. Qxe2 {[%clk 0:00:46]} Bxe2 {[%clk 0:06:16]} 24. Kxe2
{[%clk 0:00:54]} cxd4 {[%clk 0:06:25]} 25. Rxd4 {[%clk 0:00:52]} Rc2+
{[%clk 0:06:33]} 26. Kd1 {[%clk 0:01:01]} Rxa2 {[%clk 0:06:42]} 27. Rxb4
{[%clk 0:01:04]} Ra1+ {[%clk 0:06:51]} 28. Ke2 {[%clk 0:01:11]} Rxh1
{[%clk 0:06:59]} 29. Rb7 {[%clk 0:01:13]} Nb6 {[%clk 0:06:15]} 30. Nxb6
{[%clk 0:00:39]} axb6 {[%clk 0:06:18]} 31. Rxb6 {[%clk 0:00:48]} h5
{[%clk 0:06:23]} 32. b4 {[%clk 0:00:42]} Ra3 {[%clk 0:05:49]} 33. b5
{[%clk 0:00:42]} Rb1 {[%clk 0:05:55]} 34. Be5 {[%clk 0:00:38]} f6
{[%clk 0:05:33]} 0-1